章魚法官的家庭法學課 : (Record no. 7629)
[ view plain ]
| 000 -LEADER | |
|---|---|
| fixed length control field | 00888cam a2200289 i 4500 |
| 001 - CONTROL NUMBER | |
| control field | 2312173 |
| 003 - CONTROL NUMBER IDENTIFIER | |
| control field | YEEZEN |
| 005 - DATE AND TIME OF LATEST TRANSACTION | |
| control field | 20241230153719.0 |
| 008 - FIXED-LENGTH DATA ELEMENTS--GENERAL INFORMATION | |
| fixed length control field | 230801s2023 ch a g 000 0 chi d |
| 020 ## - INTERNATIONAL STANDARD BOOK NUMBER | |
| International Standard Book Number | 9786263104501 |
| Qualifying information | (平裝) : |
| Terms of availability | NT$380 |
| 040 ## - CATALOGING SOURCE | |
| Original cataloging agency | NDHU |
| Language of cataloging | chi |
| Transcribing agency | NDHU |
| Modifying agency | NDHU |
| Description conventions | ccr |
| 042 ## - AUTHENTICATION CODE | |
| Authentication code | nbic |
| 066 ## - CHARACTER SETS PRESENT | |
| Alternate G0 or G1 character set | $1 |
| 084 ## - OTHER CLASSIFICATION NUMBER | |
| Classification number | 580.3 |
| Number source | ncsclt |
| 090 ## - LOCALLY ASSIGNED LC-TYPE CALL NUMBER (OCLC); LOCAL CALL NUMBER (RLIN) | |
| Classification number (OCLC) (R) ; Classification number, CALL (RLIN) (NR) | 580.3 |
| 100 1# - MAIN ENTRY--PERSONAL NAME | |
| Personal name | 張瑜鳳 |
| Relator term | 著 |
| 245 10 - TITLE STATEMENT | |
| Title | 章魚法官的家庭法學課 : |
| Remainder of title | 法官媽媽 + 律師爸爸 + 搞笑兒女的「法律家庭生活幽默劇」 / |
| Statement of responsibility, etc. | 張瑜鳳著 |
| 246 1# - VARYING FORM OF TITLE | |
| Title proper/short title | 法官媽媽律師爸爸搞笑兒女的法律家庭生活幽默劇 |
| 250 ## - EDITION STATEMENT | |
| Edition statement | 初版 |
| 260 ## - PUBLICATION, DISTRIBUTION, ETC. | |
| Place of publication, distribution, etc. | 臺北市 : |
| Name of publisher, distributor, etc. | 麥田, |
| Date of publication, distribution, etc. | 2023.6 |
| 300 ## - PHYSICAL DESCRIPTION | |
| Extent | 291面 : |
| Other physical details | 圖 ; |
| Dimensions | 21公分 |
| 490 1# - SERIES STATEMENT | |
| Series statement | 人文 ; |
| Volume/sequential designation | 31. |
| 650 #7 - SUBJECT ADDED ENTRY--TOPICAL TERM | |
| Topical term or geographic name entry element | 法律教育 |
| Source of heading or term | csht. |
| 650 #7 - SUBJECT ADDED ENTRY--TOPICAL TERM | |
| Topical term or geographic name entry element | 法學素養 |
| Source of heading or term | lcstt. |
| 830 #0 - SERIES ADDED ENTRY--UNIFORM TITLE | |
| Uniform title | 人文 ; |
| Volume/sequential designation | 31. |
| 942 ## - ADDED ENTRY ELEMENTS (KOHA) | |
| Source of classification or shelving scheme | 中文圖書分類法 |
| Koha item type | 一般圖書 |
| 撤銷狀態 | 遺失狀態 | 分類號來源 | 損壞狀態 | 不外借 | 永久館藏地 | 現在館藏地 | 書架位置 | 採購日期 | 全部借出 | 全部續借 | 完整索書號 | 條碼號 | 最後一次日期記錄 | Date last checked out | 一般價格有效日期 | Koha館藏類型 | 公開資訊 |
|---|---|---|---|---|---|---|---|---|---|---|---|---|---|---|---|---|---|
| 未註銷館藏 | 未遺失 | 中文圖書分類法 | 未損毀 | 可外借 | 怡仁綜合醫院圖書館 | 怡仁綜合醫院圖書館 | 2024-12-30 | 7 | 3 | 580.3 | C03213 | 2025-07-31 | 2025-07-03 | 2024-12-30 | 一般圖書 | 親子交流、普羅法治教育 最佳讀本 法官媽媽、律師爸爸、一對剛上大學的兒女,每日上映的「法律家庭幽默劇」,最接地氣的非典型資深女法官——張瑜鳯,結合趣味家庭劇、法律入門常識,寫給一般人都能看得懂的國民生活法律讀本。 |